La fuerza del espíritu (Record no. 98248)

MARC details
000 -LEADER
campo de control de longitud fija 00559nam a2200169 i 4500
001 - NÚMERO DE CONTROL
campo de control 98248
003 - IDENTIFICADOR DE NÚMERO DE CONTROL
campo de control ES-MaACL
005 - FECHA Y HORA DE LA ÚLTIMA TRANSACCIÓN
campo de control 20230906182237.0
007 - CAMPO FIJO DE DESCRIPCIÓN FÍSICA--INFORMACIÓN GENERAL
campo de control de longitud fija t|
008 - DATOS DE LONGITUD FIJA--INFORMACIÓN GENERAL
campo de control de longitud fija 050727s1972 sp ||||1| spa d
100 1# - ENTRADA PRINCIPAL--NOMBRE DE PERSONA
Nombre de persona Martelet, Bernard.
9 (RLIN) 77163
245 13 - MENCIÓN DEL TÍTULO
Título La fuerza del espíritu
Resto del título : esquema de espiritualidad conciliar /
Mención de responsabilidad, etc. Bernard Martelet; [traducción: Javier G. Martín].
260 ## - PUBLICACIÓN, DISTRIBUCIÓN, ETC.
Lugar de publicación, distribución, etc. Madrid :
Nombre del editor, distribuidor, etc. Propaganda Popular Católica,
Fecha de publicación, distribución, etc. 1972.
300 ## - DESCRIPCIÓN FÍSICA
Extensión XXVI, 134 p. ;
Dimensiones 19 cm.
700 1# - ENTRADA AGREGADA--NOMBRE PERSONAL
Nombre de persona Martín, Javier G.
9 (RLIN) 77314
852 ## - LOCALIZACIÓN
Ubicación ES-MaACL
Número de control de estantería C-49319
Sublocalización o colección R.84163
Holdings
Estatus retirado Estado de pérdida Estado de daño No para préstamo Biblioteca de origen Biblioteca actual Ubicación en estantería Fecha de adquisición Fuente de adquisición Total de préstamos Signatura topográfica completa Código de barras Visto por última vez Precio de reemplazo Tipo de ítem Koha
        Biblioteca del Ateneo de Madrid Biblioteca del Ateneo de Madrid Depósito 2 17/01/2008     C-49319 1102562 23/02/2023 23/02/2023 Libro impreso